000 00697nam a2200265Ia 4500
003 OSt
005 20221007111029.0
006 a|||||r|||| 00| 0
007 ta
008 221006b |||||||| |||| 00| 0 eng d
024 _a22,400
037 _cTextual
040 _aLCO
_cLCO
_beng
041 _2eng
_aeng
082 _aX724:(Z), M1
100 _aChaturvedi K.
245 0 _aIncome Tax Rulings.V3
260 _aCalcutta
_bEastern Law House India
_c1981
300 _a1030
490 _vVol.- IIIIII
650 _aINCOME TAX
700 _a Pithisaria S.M.
942 _hX724:(Z), M1
_cTEXL
999 _c1191963
_d1191963